| 000 | 00889nas a2200277 4500 | ||
|---|---|---|---|
| 001 | BR0800057 | ||
| 003 | BR-BrBNA | ||
| 005 | 20231205111427.0 | ||
| 007 | ta | ||
| 008 | 230509b bl.|||p| |||| 00| 00por d | ||
| 040 |
_aBR-BrBNA _bpor _cBiblioteca Nacional de Agricultura |
||
| 041 | _a(Pt) | ||
| 072 | _aL40 | ||
| 100 | 1 | _aMachado, G.V. | |
| 100 | 1 | _aRosas, F.C.V. | |
| 100 | 1 | _aLazarini, S.M. | |
| 245 | 1 |
_aSobre a formação da veia cavacranial na ariranha da Amazônia (Pteronura brasiliensis Zimmernann, 1780) _b7 Jornada de Medicina Veterinária |
|
| 650 | _aARIRANHA | ||
| 650 | _aANATOMIA | ||
| 650 | _aVEIA | ||
| 650 | _aCRÂNIO | ||
| 650 | _aAMAZÔNIA | ||
| 773 | 0 |
_tArquivos de Ciências Veterinárias e Zoologia da UNIPAR (Brazil) _xISSN 1415-8167 _g(Jul-Dec 2002), v. 5(2) p. 293 _wBR0800057 |
|
| 909 |
_a202311 _bLúcia _c55 _dLúcia Elande |
||
| 942 |
_2AGRIS _n0 _cANA |
||
| 999 |
_c192664 _d192664 |
||